| 000 | 00514nam a2200181 4500 | ||
|---|---|---|---|
| 001 | 123053 | ||
| 003 | ES-MaACL | ||
| 005 | 20230906192112.0 | ||
| 007 | t| | ||
| 008 | 070214s1960 sp r ||||0| spa d | ||
| 100 | 1 |
_aPyke, Magnus. _994460 |
|
| 245 | 1 | 0 |
_aAutomación / _cMagnus Pyke ; traducción de Antonio Ribera. |
| 250 | _a1ª. ed. | ||
| 260 |
_aBarcelona : _bJuventud, _c1960. |
||
| 300 |
_a204 p., 4 lám : _bil ; _c22 cm. |
||
| 700 | 1 |
_aRibera, Antonio. _996769 |
|
| 852 |
_aES-MaACL _jC-18263 _bR.46365 |
||
| 999 |
_c123053 _d123053 |
||